[Event "Samara Polugaevsky Memorial 6th"]
[Site "Samara"]
[Date "2016.07.09"]
[Round "7"]
[White "Borodkin, Aleksandr"]
[Black "Zaika, Daniil"]
[Result "0-1"]
[WhiteElo "2334"]
[BlackElo "2013"]
[PlyCount "86"]
[EventDate "2016.07.03"]
[EventType "swiss"]
[EventRounds "9"]
[EventCountry "RUS"]
[SourceTitle "EXT 2019"]
[Source "ChessBase"]
[SourceDate "2018.10.10"]
[SourceVersion "1"]
[SourceVersionDate "2018.10.10"]
[SourceQuality "1"]

1. e4 c5 2. d4 cxd4 3. c3 dxc3 4. Nxc3 Nc6 5. Nf3 e6 6. Bc4 Nf6 7. Qe2 Qc7 8. h3 a6 9. e5 b5 10. Bb3 b4 11. Na4 Nd5 12. 0-0 Nb6 13. Bf4 Be7 14. Rac1 0-0 15. Qe4 Nxa4 16. Bc2 g6 17. Bxa4 Bb7 18. Rfd1 Rfd8 19. Bg5 Qa5 20. Bxe7 Nxe7 21. Qxb7 Qxa4 22. Ng5 h6 23. Ne4 Nd5 24. Nc5 Qb5 25. a4 Qxb7 26. Nxb7 Rdb8 27. Nd6 Kf8 28. Rd4 g5 29. h4 Ke7 30. hxg5 hxg5 31. Nc4 f6 32. exf6+ Kxf6 33. g3 b3 34. Ne3 Nxe3 35. fxe3 d5 36. Rc3 Rb6 37. Kg2 Rab8 38. Rd1 Rb4 39. Rf1+ Ke5 40. Ra1 Rc4 41. Rxc4 dxc4 42. Kf3 c3 43. bxc3 b2 0-1

[Event "Samara Polugaevsky Memorial 6th"]
[Site "Samara"]
[Date "2016.07.08"]
[Round "6"]
[White "Voinikonis, Nikita"]
[Black "Borodkin, Aleksandr"]
[Result "1-0"]
[WhiteElo "2082"]
[BlackElo "2334"]
[PlyCount "72"]
[EventDate "2016.07.03"]
[EventType "swiss"]
[EventRounds "9"]
[EventCountry "RUS"]
[SourceTitle "EXT 2019"]
[Source "ChessBase"]
[SourceDate "2018.10.10"]
[SourceVersion "1"]
[SourceVersionDate "2018.10.10"]
[SourceQuality "1"]

1. e4 c5 2. Nf3 Nc6 3. d4 cxd4 4. Nxd4 Nf6 5. Nc3 g6 6. Nxc6 bxc6 7. e5 Ng8 8. Bc4 Bg7 9. Bf4 f6 10. Qe2 e6 11. 0-0 fxe5 12. Bxe5 Bxe5 13. Qxe5 Qf6 14. Qc7 Qd8 15. Qe5 Nf6 16. Rad1 Qe7 17. Ne4 0-0 18. Nd6 Ne8 19. Nxc8 Rxc8 20. Rxd7 Qxd7 21. Bxe6+ Qf7 22. Bxf7+ Rxf7 23. Rd1 Nf6 24. Qa5 Kg7 25. Qc3 Kg8 26. f3 Nh5 27. Qa5 Rcc7 28. g4 Nf4 29. Rd8+ Kg7 30. g5 Ne2+ 31. Kf2 Rce7 32. Rd2 Nf4 33. Qc3+ Kg8 34. Rd8+ Rf8 35. Rxf8+ Kxf8 36. Qh8+ Kf7 1-0

[Event "Samara Polugaevsky Memorial 6th"]
[Site "Samara"]
[Date "2016.07.07"]
[Round "5"]
[White "Borodkin, Aleksandr"]
[Black "Gusarov, Aleksey"]
[Result "0-1"]
[WhiteElo "2334"]
[BlackElo "2168"]
[PlyCount "102"]
[EventDate "2016.07.03"]
[EventType "swiss"]
[EventRounds "9"]
[EventCountry "RUS"]
[SourceTitle "EXT 2019"]
[Source "ChessBase"]
[SourceDate "2018.10.10"]
[SourceVersion "1"]
[SourceVersionDate "2018.10.10"]
[SourceQuality "1"]

1. Nf3 c5 2. e4 Nc6 3. d4 cxd4 4. c3 d5 5. exd5 Qxd5 6. cxd4 e6 7. Nc3 Qd8 8. Bb5 Nf6 9. 0-0 Be7 10. Ne5 Bd7 11. Qa4 0-0 12. Rd1 Qe8 13. Bg5 a6 14. Bxc6 Bxc6 15. Nxc6 Qxc6 16. Qxc6 bxc6 17. Rac1 Rab8 18. b3 Nd5 19. Bxe7 Nxe7 20. Na4 Rfd8 21. Rc4 Kf8 22. Re1 Rd5 23. Nc5 a5 24. Re5 Ke8 25. g3 Rb4 26. Re4 Rb5 27. Kg2 Nf5 28. Ra4 Ke7 29. Nd3 Rd6 30. g4 Nh4+ 31. Kg3 Ng6 32. Nc5 Nf8 33. f4 Nd7 34. Nxd7 Kxd7 35. Re5 Rdd5 36. Kf3 Kd6 37. Rc4 Rb4 38. Rxd5+ exd5 39. Rxb4 axb4 40. Ke3 Ke6 41. Kd3 h6 42. Ke3 Kd6 43. Kd3 f5 44. g5 hxg5 45. fxg5 c5 46. dxc5+ Kxc5 47. h4 Kd6 48. Ke3 g6 49. Kf4 Ke6 50. Kf3 Ke5 51. Ke3 f4+ 0-1

[Event "Samara Polugaevsky Memorial 6th"]
[Site "Samara"]
[Date "2016.07.04"]
[Round "2"]
[White "Rozum, Ivan"]
[Black "Borodkin, Aleksandr"]
[Result "1-0"]
[WhiteElo "2581"]
[BlackElo "2334"]
[PlyCount "65"]
[EventDate "2016.07.03"]
[EventType "swiss"]
[EventRounds "9"]
[EventCountry "RUS"]
[SourceTitle "CBM 173 Extra"]
[Source "ChessBase"]
[SourceDate "2016.08.29"]
[SourceVersion "1"]
[SourceVersionDate "2016.08.29"]
[SourceQuality "1"]

1. d4 d6 2. e4 Nf6 3. Nc3 g6 4. g3 Bg7 5. Bg2 0-0 6. Nge2 Nc6 7. h3 e5 8. Be3 exd4 9. Nxd4 Bd7 10. 0-0 Nxd4 11. Bxd4 Bc6 12. Re1 Re8 13. Qd2 Nd7 14. Bxg7 Kxg7 15. f4 Qf6 16. Re3 Nb6 17. b3 Rad8 18. Rae1 Nd7 19. Qf2 Qd4 20. Kh2 Nc5 21. Qe2 Rd7 22. Rd1 Qb4 23. Nd5 Bxd5 24. exd5 Rxe3 25. Qxe3 a5 26. f5 f6 27. fxg6 hxg6 28. Rd4 Qb6 29. Rh4 g5 30. Rh5 c6 31. h4 Qd8 32. hxg5 Qe7 33. Qd4 1-0

[Event "Krasnodar Region-ch"]
[Site "Krasnodar"]
[Date "2012.10.10"]
[Round "9"]
[White "Borodkin, Aleksandr"]
[Black "Mrykhin, Igor"]
[Result "0-1"]
[WhiteElo "2420"]
[BlackElo "2110"]
[PlyCount "114"]
[EventDate "2012.10.02"]
[EventType "swiss"]
[EventRounds "9"]
[EventCountry "RUS"]
[SourceTitle "EXT 2013"]
[Source "ChessBase"]
[SourceDate "2012.11.22"]
[SourceVersion "1"]
[SourceVersionDate "2012.11.22"]
[SourceQuality "1"]

1. e4 e5 2. Nf3 Nc6 3. Bb5 a6 4. Ba4 f5 5. d4 exd4 6. 0-0 fxe4 7. Nxd4 Nf6 8. Nxc6 dxc6 9. Qxd8+ Kxd8 10. Bg5 h6 11. Bh4 b5 12. Bb3 Bb7 13. Nc3 g5 14. Rad1+ Bd6 15. Bg3 Ke7 16. Rfe1 Bxg3 17. hxg3 Rad8 18. Rxd8 Kxd8 19. Rd1+ Kc8 20. Kf1 Re8 21. Bf7 Rf8 22. Be6+ Kb8 23. Ke2 Bc8 24. Bxc8 Kxc8 25. Rh1 Rh8 26. Nb1 c5 27. Nd2 c4 28. Nf1 Kd7 29. Ne3 Ke6 30. a4 g4 31. Ra1 Rd8 32. axb5 axb5 33. Ra7 Rd7 34. Ra6+ Rd6 35. Ra7 c6 36. Ra8 h5 37. Rh8 Rd7 38. Rc8 Rd6 39. Rb8 Nd5 40. Re8+ Kf7 41. Rxe4 Nxe3 42. Rxe3 Rd5 43. Re4 Kf6 44. f4 Kf5 45. Re3 b4 46. Re8 Rb5 47. Rc8 b3 48. c3 Rc5 49. Ke3 Rd5 50. Rf8+ Kg6 51. Rc8 Rd3+ 52. Ke4 Rxg3 53. Rxc6+ Kf7 54. Ke5 Rxg2 55. Rc7+ Ke8 56. Rxc4 Rxb2 57. f5 g3 0-1

[Event "Krasnodar Region-ch"]
[Site "Krasnodar"]
[Date "2012.10.05"]
[Round "4"]
[White "Borodkin, Aleksandr"]
[Black "Sur, Viktor"]
[Result "1/2-1/2"]
[WhiteElo "2420"]
[BlackElo "1988"]
[PlyCount "60"]
[EventDate "2012.10.02"]
[EventType "swiss"]
[EventRounds "9"]
[EventCountry "RUS"]
[SourceTitle "EXT 2013"]
[Source "ChessBase"]
[SourceDate "2012.11.22"]
[SourceVersion "1"]
[SourceVersionDate "2012.11.22"]
[SourceQuality "1"]

1. e4 c5 2. Nf3 Nc6 3. d4 cxd4 4. c3 dxc3 5. Nxc3 d6 6. Bc4 e6 7. 0-0 Be7 8. Qe2 Nf6 9. Rd1 e5 10. h3 0-0 11. Be3 Be6 12. Bd5 Bxd5 13. exd5 Nb8 14. Nxe5 dxe5 15. d6 Nbd7 16. Bg5 Rc8 17. Ne4 h6 18. dxe7 Qxe7 19. Rxd7 Qxd7 20. Bxf6 Qe6 21. Qe3 gxf6 22. Qxh6 Rc6 23. Rc1 Rxc1+ 24. Qxc1 Rd8 25. Qh6 Rd6 26. Nxd6 Qxd6 27. Qe3 Qd1+ 28. Kh2 Qc2 29. Qg3+ Kf8 30. Qa3+ Kg7 1/2-1/2

[Event "Krasnodar Region-ch"]
[Site "Krasnodar"]
[Date "2012.10.02"]
[Round "1"]
[White "Gridnev, Yury"]
[Black "Borodkin, Aleksandr"]
[Result "1-0"]
[WhiteElo "1983"]
[BlackElo "2420"]
[PlyCount "124"]
[EventDate "2012.10.02"]
[EventType "swiss"]
[EventRounds "9"]
[EventCountry "RUS"]
[SourceTitle "EXT 2013"]
[Source "ChessBase"]
[SourceDate "2012.11.22"]
[SourceVersion "1"]
[SourceVersionDate "2012.11.22"]
[SourceQuality "1"]

1. Nf3 c5 2. e4 Nc6 3. d4 cxd4 4. Nxd4 Nf6 5. Nc3 g6 6. Nxc6 bxc6 7. e5 Ng8 8. Bc4 Bg7 9. Bf4 f6 10. Qe2 Qa5 11. exf6 Bxf6 12. 0-0 d5 13. Bb3 Qb4 14. Be5 Qg4 15. f3 Qe6 16. Rfe1 Bxe5 17. Qxe5 Qxe5 18. Rxe5 Kd7 19. Rae1 Kd6 20. Nd1 e6 21. Nf2 Nh6 22. Nd3 Bd7 23. c4 Rhf8 24. f4 Nf5 25. c5+ Kc7 26. Bd1 Nd4 27. g3 Rab8 28. Kf2 Bc8 29. Ke3 Nf5+ 30. Kd2 a5 31. Bg4 Ng7 32. b3 a4 33. bxa4 h5 34. Bh3 Ra8 35. Nb2 Ra5 36. Rc1 Nf5 37. Bxf5 gxf5 38. Re3 Kd7 39. Rb3 Kc7 40. Ke3 h4 41. Kd4 Rh8 42. Rc2 Bd7 43. Rb4 hxg3 44. hxg3 Rh1 45. Rc3 Re1 46. Kd3 Bc8 47. Kd2 Rg1 48. Rd4 Rg2+ 49. Kc1 Ba6 50. a3 Bc4 51. Nxc4 Rxc5 52. Rd2 Rg1+ 53. Rd1 Rxd1+ 54. Kxd1 dxc4 55. Kc2 Kd6 56. Kb2 Kd5 57. Re3 Kd4 58. Rxe6 Kd3 59. Rd6+ Ke3 60. Kc3 Kf3 61. Rd4 Kxg3 62. Rxc4 Ra5 1-0